Nuevas formas de asociacionismo en la cafeticultura mexicana : el caso de la CNOC /

Segundo ejemplar de la serie Cuadernos sobre la Sociedad Civil cuyo objetivo es el contribuir a una reflexión sistemática sobre los alcances y limitaciones de la sociedad civil mexicana en el proceso de democratización de la vida pública. En este ejemplar se analiza el desarrollo del asociacionismo...

সম্পূর্ণ বিবরণ

সংরক্ষণ করুন:
গ্রন্থ-পঞ্জীর বিবরন
প্রধান লেখক: Celis Callejas, Fernando (autor)
অন্যান্য লেখক: Olvera Rivera, Alberto Javier (dirección) (dirección)
বিন্যাস: গ্রন্থ
ভাষা:স্প্যানিশ
প্রকাশিত: Jalapa, México : Universidad Veracruzana, 2001, c2001
মালা:(Cuadernos de la Sociedad Civil ; 2)
বিষয়গুলি:
ট্যাগগুলো: ট্যাগ যুক্ত করুন
কোনো ট্যাগ নেই, প্রথমজন হিসাবে ট্যাগ করুন!

MARC

LEADER 00000nam^a2200000^a^4500
001 000165861
005 20250521000000.0
009 20260310101032.256
037 |a Acervo ITESO - Biblioteca 
041 |a ESP 
082 |a 323. 042  |b SOC V. 2 
100 |a Celis Callejas, Fernando  |e (autor) 
240 1 1 |a [Sociedad civil y gobernabilidad en México] 
245 1 0 |a Nuevas formas de asociacionismo en la cafeticultura mexicana :  |b el caso de la CNOC /  |c F. Celis Callejas ; dir. A.J. Olvera Rivera. 
264 4 |a Jalapa, México :  |b Universidad Veracruzana,  |c 2001, c2001 
300 |a 68 p. 
336 |a texto  |b txt  |2 rdacontenido 
337 |a sin mediación  |b n  |2 rdamedio 
338 |a volumen  |b nc  |2 rdasoporte 
440 1 |a (Cuadernos de la Sociedad Civil ;  |v 2) 
520 |a Segundo ejemplar de la serie Cuadernos sobre la Sociedad Civil cuyo objetivo es el contribuir a una reflexión sistemática sobre los alcances y limitaciones de la sociedad civil mexicana en el proceso de democratización de la vida pública. En este ejemplar se analiza el desarrollo del asociacionismo civil en el campo mexicano, en particular de los campesinos cafetaleros de México. El autor describe la formación de las organizaciones regionales, los actores políticos y sociales que participaron en la vida pública durante la década de los noventa. 
649 |a XX 
650 |a Café -  |z Veracruz -  |x Industria y Comercio 
650 |a Café -  |z México -  |x Industria y Comercio 
650 |a Asociaciones Civiles -  |z Veracruz -  |x Historia 
650 |a Asociaciones Civiles -  |z México -  |x Historia 
650 |a Cooperativas -  |z Veracruz -  |x Historia -  |x Tema Principal 
650 |a Cooperativas -  |z México -  |x Historia 
650 |a Movimientos Campesinos -  |z Veracruz -  |x Historia -  |x Tema Principal 
650 |a Movimientos Campesinos -  |z México -  |x Historia 
650 |a Sociedad Civil -  |z Veracruz -  |x Historia 
650 |a Sociedad Civil -  |z México -  |x Historia 
650 |a Redes Sociales -  |z Veracruz -  |x Historia 
650 |a Redes Sociales -  |z México 
650 |a Organización Administrativa 
650 |a Capitalismo -  |z México 
650 |a Centralización y Descentralización -  |z Veracruz 
650 |a Centralización y Descentralización -  |z México -  |x Historia -  |y Siglo XX 
650 |a Organización Política -  |z Veracruz -  |x Historia 
650 |a Organización Política -  |z México -  |x Historia 
650 |a Vida Pública -  |z Veracruz 
650 |a Vida Pública -  |z México 
650 |a Participación Social -  |z Veracruz 
650 |a Participación Social -  |z México 
650 |a Participación Política -  |z Veracruz 
650 |a Participación Política -  |z México 
650 |a Representación Política -  |z Veracruz 
650 |a Representación Política -  |z México 
650 |a Sistema Político -  |z Veracruz 
650 |a Sistema Político -  |z México 
650 |a Gobernabilidad -  |z Veracruz 
650 |a Gobernabilidad -  |z México 
650 |a Control Político -  |z Veracruz 
650 |a Control Político -  |z México 
650 |a Intervención Política -  |z Veracruz 
650 |a Intervención Política -  |z México 
650 |a Democratización -  |z Veracruz -  |x Tema Principal 
650 |a Democratización -  |z México 
650 |a Política Económica -  |z Veracruz 
650 |a Política Económica -  |z México 
650 |a Política -  |z Veracruz -  |x Historia -  |y 1994-2000 
650 |a Política -  |z México -  |x Historia -  |y 1994-2000 
650 |a Veracruz -  |x Condiciones Políticas 
650 |a México -  |x Condiciones Políticas 
650 |a Sociología Política 
700 |a Olvera Rivera, Alberto Javier  |e (dirección) 
910 |a Fondo General 
920 |a Impresos - Libros 
930 |a Colección General 
905 |a 101 
901 |a 0500100893  |b IT1  |c ACC  |u 20250521 
901 |a 0500100896  |b IT1  |c ACC  |u 20250521 
902 |a https://opac.biblio.iteso.mx/vufind/Record/000165861